000 00780nam a22002537a 4500
001 240024
003 DO-SdBNP
005 20180202143344.0
007 240024
008 160318b 1999 nyu xxu||||| |||| 00| 0 spa d
020 _a0439206480
040 _aBPMSU
_bspa
_cBPMSU
092 _aXXXX
_bXXXX
100 1 _aSnicket, Lemony,
_d1970-
245 1 0 _aThe reptile room /
_cLemony Snicket ; illustrations by Brett Helquist.
260 _aNew York :
_bHarperCollins Publishers,
_c1999.
300 _a190 p. :
_bil. ;
_c19 cm.
490 1 _aA series of unfortunate events
_v2
700 1 2 _aHelquist, Brett,
_eil.
830 0 _aA series of unfortunate events ;
_v2
942 _2ddc
_cBK
945 _aInventariado, 2018 / BT
956 _2LOPEREZ
_310
_620160721
_8BPMSU
_a00041
999 _c9315
_d9315